28 joueurs de MLS à retrouver (2025-2026) - Statistiques

Statistiques générales
  • Ce quiz a été pris 87 fois
  • Le résultat moyen est 16 sur 28
Statistiques - réponses
Par images Réponse % Correct
Lionel Messi
100%
Luis Suárez
100%
Olivier Giroud
100%
Hugo Lloris
99%
Jordi Alba
99%
Marco Reus
94%
Sergio Busquets
94%
Eric Maxim Choupo-Moting
88%
Lorenzo Insigne
85%
Riqui Puig
82%
Wilfried Zaha
78%
Christian Benteke
71%
Denis Bouanga
71%
Miguel Almirón
67%
Hirving Lozano
56%
Luis Muriel
53%
Josef Martinez
47%
Cengiz Ünder
46%
Jonathan Bamba
42%
David Pereira da Costa
38%
DeAndre Yedlin
28%
Hany Mukhtar
21%
Alekseï Mirantchouk
19%
Zack Steffen
18%
Federico Bernardeschi
17%
Ignatius Ganago
17%
Kevin Denkey
14%
Diego Rossi
8%
Aucun quiz correspondant
Distribution des résultats
% des personnes avec chaque résultat
Percentile par nombre de réponses
Votre historique - résultats
Vous n’avez pas pris ce quiz